BSOP header

Rasputin : (Record no. 12830)

MARC details
000 -LEADER
fixed length control field 00622nam a2200181 4500
008 - FIXED-LENGTH DATA ELEMENTS--GENERAL INFORMATION
fixed length control field 020826s1989 us eng
020 ## - INTERNATIONAL STANDARD BOOK NUMBER
International Standard Book Number 0312032277
090 #0 - LOCALLY ASSIGNED LC-TYPE CALL NUMBER (OCLC); LOCAL CALL NUMBER (OCLC)
Classification number (OCLC) (R) ; Classification number, CALL (RLIN) (NR) DK254.R3 Oa4
100 1# - MAIN ENTRY--PERSONAL NAME
Personal name Oakley, Jane
245 10 - TITLE STATEMENT
Title Rasputin :
Remainder of title rascal master /
Statement of responsibility, etc Jane Oakley.
260 ## - PUBLICATION, DISTRIBUTION, ETC. (IMPRINT)
Place of publication, distribution, etc New York :
Name of publisher, distributor, etc St. Martin's Press,
Date of publication, distribution, etc c1989.
300 ## - PHYSICAL DESCRIPTION
Extent 207 p. :
Other physical details ills., ports.
600 14 - SUBJECT ADDED ENTRY--PERSONAL NAME
Personal name Rasputin, Grigori Efimovich, ca. 1870-1916.
651 #4 - SUBJECT ADDED ENTRY--GEOGRAPHIC NAME
Geographic name Soviet Union Court and courtiers Biography.
651 #4 - SUBJECT ADDED ENTRY--GEOGRAPHIC NAME
Geographic name Soviet Union
General subdivision History
-- Nicholas II, 1894-1917.
951 ## - EQUIVALENCE OR CROSS-REFERENCE-GEOGRAPHIC NAME/AREA NAME [OBSOLETE] [CAN/MARC only]
-- 25192
-- DK254.R3 Oa4
-- 070613111144093
-- 2000-12-21
-- GC
Holdings
Withdrawn status Lost status Damaged status Not for loan Home library Current library Shelving location Date acquired Accession number Shelving control number Total Checkouts Full call number Date last seen Price effective from Koha item type
        BSOP Library BSOP Library GC 12/21/2000 25192 127   DK254.R3 Oa4 02/23/2013 02/23/2013 Books
BSOP

Biblical Seminary of the Philippines
  All rights Reserved
  © 2024

CONTACT INFORMATION

Biblical Seminary of the Philippines,
  77-B Karuhatan Road, Valenzuela City,
  PHILIPPINES 1441
  Phone: +632 8292-6795 / 8292-6798
  Fax : +632 8292-6675
  Email: library@bsop.edu.ph